| 000 | 01786nam2a2200265 4500 | ||
|---|---|---|---|
| 001 | RU\NLR\BIBL_A\022681146 | ||
| 005 | 20251226154710.0 | ||
| 010 |
_a978-5-00227-578-6 _9500 |
||
| 021 |
_aRU _bКН-П-25-064347 _9КН-П-25-6235 |
||
| 035 | _a(NLR Aleph) 022681146 | ||
| 090 |
_a13501046 _c13501046 |
||
| 100 | _a20251205d2025 u y0rusy50 ca | ||
| 101 | 0 | _arus | |
| 102 | _aRU | ||
| 105 | _aac z 000ay | ||
| 200 | 1 |
_aРимская республика и Галлия _eРимская республика во времена Гракхов – восстание союзников-латинян во Фрегеллах – пираты Балеарских островов – римская провинция Ближняя Испания – земли галлов (совр. Франция) |
|
| 210 | _d2025 | ||
| 215 |
_a286 с. _cил., портр., табл. |
||
| 320 | _aБиблиогр.: с. 266–269 | ||
| 320 | _aДругие кн. авт.: с. 276–286 | ||
| 461 | 0 |
_1001RU\NLR\BIBL_A\022632800 _12001#$aНеобычная жизнь Квинта Корнелия Сизенны$e(историко-философско-приключенческий роман)$fкандидат исторических наук Ашрафьян К. Э.$vТ. 3 _1700#1$aАшрафьян$bК. Э.$gКонстантин Эдуардович _913497273 _aАшрафьян, К. Э. _cМосква _d2025- _fкандидат исторических наук Ашрафьян К. Э. _nСам Полиграфист _o(историко-философско-приключенческий роман) _tНеобычная жизнь Квинта Корнелия Сизенны _vТ. 3 |
|
| 942 | _cBOOK | ||
| 980 | _aNB | ||